| 000 | 00732cam a2200181 4500 | ||
|---|---|---|---|
| 001 | ABS60994 | ||
| 008 | 000000n1999 000 0 eng u | ||
| 035 | _a(Sirsi) u101548 | ||
| 100 | _aEastaugh, P. | ||
| 245 | _aHalloween for GPS! is your GPS ready for rollover and millennium mayhem? | ||
| 260 | _c1999 | ||
| 490 |
_aSurveying World _v7(4) May/June 1999, 18-19(2) |
||
| 520 | _aDiscusses the impending threat to GPS receivers of week-rollover - on 21 August 1999 the world's GPS receivers revert to week zero. Looks at how one survey company, Racal, is addressing the problem. | ||
| 650 | _aNAVIGATION | ||
| 650 | _aMANAGEMENT-BUSINESS MANAGEMENT-INFORMATION MANAGEMENT | ||
| 690 | _aMAPPING AND MEASUREMENT | ||
| 942 | _n0 | ||
| 999 |
_c60680 _d60680 |
||